Logo

Description automatically generated
विद्यार्जन
 संसाधन केंद्र, भारतीय प्रौद्योगिकी संस्थान इन्दौर
Learning Resource Center, Indian Institute of Technology Indore

ऑनलाइन सार्वजनिक अभिगम प्रसूची
Online Public Access Catalogue (OPAC)

Materials science of polymers for engineers [3rd ed.] (Record no. 53116)

MARC details
000 -LEADER
fixed length control field 00550nam a2200205Ia 4500
005 - DATE AND TIME OF LATEST TRANSACTION
control field 20260325172949.0
008 - FIXED-LENGTH DATA ELEMENTS--GENERAL INFORMATION
fixed length control field 260325s9999||||xx |||||||||||||| ||und||
020 ## - INTERNATIONAL STANDARD BOOK NUMBER
International Standard Book Number 9781569905142
020 ## - INTERNATIONAL STANDARD BOOK NUMBER
Qualifying information hb
082 ## - DEWEY DECIMAL CLASSIFICATION NUMBER
Classification number 668.9
Item number OSS.3E
100 ## - MAIN ENTRY--PERSONAL NAME
Personal name Osswald, Tim A.
245 #0 - TITLE STATEMENT
Title Materials science of polymers for engineers [3rd ed.]
250 ## - EDITION STATEMENT
Edition statement 3rd ed. ; c2012
260 ## - PUBLICATION, DISTRIBUTION, ETC.
Place of publication, distribution, etc. Cincinnati
Name of publisher, distributor, etc. Hanser Publications
Date of publication, distribution, etc. 2012
300 ## - PHYSICAL DESCRIPTION
Extent xix, 595p. ; 24cm.
653 ## - INDEX TERM--UNCONTROLLED
Uncontrolled term Plastics--Molding
653 ## - INDEX TERM--UNCONTROLLED
Uncontrolled term Polymers
700 ## - ADDED ENTRY--PERSONAL NAME
Personal name Menges, Georg
942 ## - ADDED ENTRY ELEMENTS (KOHA)
Koha item type Book
Holdings
Withdrawn status Lost status Damaged status Not for loan Home library Current library Shelving location Date acquired Source of acquisition Total Checkouts Full call number Barcode Date last seen Price effective from Koha item type
        LRC, IIT Indore LRC, IIT Indore 2nd Floor - General Stack 25/03/2026 PO_2025-26_PO-105 ,Vendor: Education World, Indore ; Inv. No.: HO/IN/25-26/784, dt.20.03.2026 ; Price: EUR 109.90   668.9 OSS.3E 38776 30/03/2026 25/03/2026 Book
Copyright © 2024, 2021, 2017 Indian Institute of Technology Indore. All Rights Reserved.
Managed & maintained by Learning Resource Center, IIT Indore